30 Closest Exoplanets - Statistics

General Stats
  • This quiz has been taken 24 times
    13 since last reset
  • The average score is 7 of 31
Answer Stats
Planet Type Distance(ly) Rank Answer % Correct
Terrestrial 4.24 1-2 Proxima Centauri b
100%
Terrestrial 4.24 1-2 Proxima Centauri d
82%
Terrestrial 5.96 3-6 Barnard b
55%
Terrestrial 5.96 3-6 Barnard c
55%
Terrestrial 5.96 3-6 Barnard d
55%
Terrestrial 5.96 3-6 Barnard e
55%
Gas Giant 10.44 7 Epsilon Eridani b
27%
Super Earth 11.61 12-13 GJ 15 A b
18%
Neptune-like 11.61 12-13 GJ 15 A c
18%
Super Earth 10.73 8-9 GJ 887 b
18%
Neptune-like 10.73 8-9 GJ 887 c
18%
Terrestrial 11.00 10 Ross 128 b
18%
Terrestrial 12.49 25-27 Teegarden's Star b
18%
Terrestrial 12.49 25-27 Teegarden's Star c
18%
Terrestrial 12.49 25-27 Teegarden's Star d
18%
Super Earth 14.02 29-31 Wolf 1061 b
18%
Super Earth 14.02 29-31 Wolf 1061 c
18%
Neptune-like 14.02 29-31 Wolf 1061 d
18%
Terrestrial 12.11 22-24 YZ Ceti b
18%
Terrestrial 12.11 22-24 YZ Ceti c
18%
Terrestrial 12.11 22-24 YZ Ceti d
18%
Gas Giant 11.86 18 Epsilon Indi A b
9%
Super Earth 11.49 11 GI 725 A b
9%
Super Earth 11.98 19-21 GJ 1061 b
9%
Super Earth 11.98 19-21 GJ 1061 c
9%
Super Earth 11.98 19-21 GJ 1061 d
9%
Neptune-like 12.83 28 Kapteyn c
0%
Super Earth 11.75 14-17 Tau Ceti e
0%
Super Earth 11.75 14-17 Tau Ceti f
0%
Super Earth 11.75 14-17 Tau Ceti g
0%
Super Earth 11.75 14-17 Tau Ceti h
0%
No matching quizzes found
Score Distribution
Percent of People with Each Score
Percentile by Number Answered
Your Score History
You have not taken this quiz since the last reset